LEADER 00861cam0 22002413 450 001 SOB021906 005 20211228075155.0 100 $a03.10.21d1968 |||||ita|0103 ba 101 $aita 102 $aIT 200 1 $aProfetismo e apocalittica in Dante$eStrutture e temi profetico-apocalittici in Dante$edalla Vita Nuova alla Divina Commedia$fNicolò Mineo 210 $aCatania$cUniv. di Catania$d1968 215 $a358 p.$d24 cm 700 1$aMineo$b, Nicolò$3AF00013468$4070$0386864 801 0$aIT$bUNISOB$c20211228$gRICA 850 $aUNISOB 852 $aUNISOB$j850.1$m116871 912 $aSOB021906 940 $aM 102 Monografia moderna SBN 941 $aM 957 $a850.1$b000035$gSI$d116871$hEsposito$rDONO$1Alfano$2UNISOB$3UNISOB$420200622070732.0$520200622070748.0$6Alfano 996 $aProfetismo e apocalittica in Dante$9141972 997 $aUNISOB